|
|
|
|
| LEADER |
00937nam a2200265Ma 4500 |
| 001 |
1064 |
| 003 |
BD-DhAAL |
| 005 |
20151003185140.0 |
| 008 |
151003s1998 enka 000 0 eng d |
| 020 |
|
|
|a 0340587636
|
| 020 |
|
|
|a 0340705477
|
| 040 |
|
|
|a EQO
|c EQO
|d EQF
|d BD-DhAAL
|
| 049 |
|
|
|a EQFA
|
| 082 |
|
|
|a 650.1/1
|
| 100 |
1 |
|
|a Treacy, Declan.
|9 15060
|
| 245 |
1 |
0 |
|a Successful time management in a week /
|c Declan Treacy.
|
| 260 |
|
|
|a London :
|b Hodder & Stoughton,
|c c1993.
|
| 300 |
|
|
|a 96 p. :
|b ill. ;
|c 20 cm.
|
| 500 |
|
|
|a "This series is commissioned by the Institute of Management Foundation"--p. [3]
|
| 541 |
|
|
|e 1064
|
| 650 |
|
0 |
|a Time management.
|9 15061
|
| 710 |
2 |
|
|a Institute of Management (Great Britain)
|9 15062
|
| 942 |
|
|
|2 ddc
|c BK
|
| 999 |
|
|
|c 35666
|d 35666
|
| 952 |
|
|
|0 0
|1 0
|2 ddc
|4 0
|6 650_100000000000000_1_SUC
|7 0
|9 56086
|a SCL
|b SCL
|c GEN
|d 2015-10-03
|g 810.00
|l 3
|m 22
|o 650.11 SUC
|p 3020001064
|r 2019-07-30
|s 2019-05-16
|t 1
|w 2015-10-03
|y BK
|